Review of risk mitigation instruments for infrastructure financing and recent trends and developments (Record no. 238510)
[ view plain ]
| 000 -LEADER | |
|---|---|
| fixed length control field | 01605nam a2200409Ia 4500 |
| 100 1# - MAIN ENTRY--AUTHOR NAME | |
| Personal name | Matsukawa, Tomoko. |
| 245 10 - TITLE STATEMENT | |
| Title | Review of risk mitigation instruments for infrastructure financing and recent trends and developments |
| 260 ## - PUBLICATION, DISTRIBUTION, ETC. (IMPRINT) | |
| Place of publication | [Washington, D.C.] : |
| Name of publisher | World Bank : |
| -- | PPIAF, |
| Year of publication | c2007. |
| 300 ## - PHYSICAL DESCRIPTION | |
| Number of Pages | xii, 72 p. : |
| Other physical details | ill. |
| 490 1# - SERIES STATEMENT | |
| Series statement | Trends and policy options ; |
| 650 #0 - SUBJECT ADDED ENTRY--TOPICAL TERM | |
| Topical Term | Infrastructure (Economics) |
| Topical Term | Financial risk management. |
| Topical Term | Financial instruments. |
| 700 1# - ADDED ENTRY--PERSONAL NAME | |
| Personal name | Habeck, Odo. |
| 856 40 - ELECTRONIC LOCATION AND ACCESS | |
| Uniform Resource Identifier | http://site.ebrary.com/lib/rucke/Doc?id=10180747 |
No items available.
